[Event "Lyon op"]
[Site "Lyon"]
[Date "2005.04.16"]
[Round "1"]
[White "Pham, Minh Hoang"]
[Black "Boulon, Laurent"]
[Result "1-0"]
[WhiteElo "2455"]
[BlackElo "1770"]
[PlyCount "57"]
[EventDate "2005.04.16"]
[EventType "swiss"]
[EventRounds "9"]
[EventCountry "FRA"]
[SourceTitle "CBM 105 Extra"]
[Source "ChessBase"]
[SourceDate "2005.05.01"]
[SourceVersion "1"]
[SourceVersionDate "2005.05.01"]
[SourceQuality "1"]

1. d4 d5 2. c4 e6 3. Nc3 Nf6 4. Nf3 Nc6 5. Bg5 Be7 6. e3 h6 7. Bf4 a6 8. h3 Ne4 9. Nxe4 dxe4 10. Nd2 Bb4 11. a3 Bxd2+ 12. Qxd2 0-0 13. Be2 Ne7 14. Qa5 b6 15. Qe5 Ra7 16. Qxe4 Bb7 17. Qd3 Bxg2 18. Rg1 Qa8 19. Bxh6 Nf5 20. Bf4 Be4 21. Qc3 Bf3 22. Bd3 Be4 23. Be2 Bf3 24. d5 Bxe2 25. Kxe2 exd5 26. Qf6 g6 27. Qxf5 Qc6 28. Qxd5 Qa4 29. Rxg6+ 1-0